| 000 | 00921nam a22002897a 4500 | ||
|---|---|---|---|
| 001 | BR6010400 | ||
| 003 | BR-BrBNA | ||
| 005 | 20230928083320.0 | ||
| 007 | ta | ||
| 008 | 230509b bl.||||| |||| 00| 0 por d | ||
| 040 |
_aBR-BrBNA _bpor _cBiblioteca Nacional de Agricultura |
||
| 041 | _a(Eng) | ||
| 072 |
_aF00; Q10 _b0315 |
||
| 090 | _ 0315 BR6010400 | ||
| 100 | 1 | _aPlanck, R.W. | |
| 100 | 1 | _aPack, F.C. | |
| 100 | 1 | _aSkau, D.B. | |
| 110 | 1 |
_aBureau of Agricultural and Industrial Chemistry, New Orleans, La (USA). Southerm Regional Research Laboratory _91300 |
|
| 245 | 1 |
_aAbstract bibliography of the chemistry and technology of tung products, 1875-1950 [Aleurites fordii; Tungue; Bibliografia] _bv. 2 |
|
| 260 | 3 |
_aNew Orleans, LA (USA): _c[nd]. |
|
| 300 | _a231 p. | ||
| 500 | _aSummary only | ||
| 650 | _aTUNGUE | ||
| 650 | _aINDUSTRIALIZACAO | ||
| 909 |
_a202309 _bLucia _c55 _dLucia Elande |
||
| 942 | _cBK | ||
| 999 |
_c12754 _d12754 |
||